[Event "ITA-ch Women 2017"]
[Site "Cosenza"]
[Date "2017.12.05"]
[Round "7"]
[White "Di Benedetto, Desiree"]
[Black "Gueci, Tea"]
[Result "0-1"]
[WhiteElo "2092"]
[BlackElo "2158"]
[Annotator "TA"]
[PlyCount "132"]
[EventDate "2017.??.??"]
[EventType "tourn"]
[EventCountry "ITA"]
[SourceTitle "playchess.com"]
[Source "ChessBase"]
[SourceQuality "1"]

{[%evp 21,132,14,20,24,69,70,70,89,88,72,57,0,69,66,61,62,72,0,0,0,0,0,0,0,0,0,0,0,0,0,0,0,0,-16,0,0,0,0,0,0,0,0,0,0,0,0,0,0,0,-1700,-1836,-5477,-5247,-5761,-5761,-2338,-460,-445,-445,-425,0,-72,0,-416,-416,-402,-395,-364,-360,-389,-388,-514,-395,-251,-245,-734,-592,-584,-547,-516,-395,-5967,-5708,-5967,-5967,-5322,-3589,-29975,-29976,-29972,-29977,-29977,-29978,-29978,-29979,-29979,-29980,-29979,-29981,-29983,-29984,-29984,-8,-29985,-29986,-29986,-29987,-29989,-29990,-29990,-29991,-29997,-5118]} 1. d4 d5 2. c4 e6 3. Nf3 Nf6 4. e3 c6 5. b3 Nbd7 6. Bb2 Bd6 7. Bd3 b6 {A06: Réti Opening:1 Nf3 d5} 8. Nbd2 Bb7 9. O-O O-O 10. Ne5 (10. Qe2 c5 11. Rad1 Ne4 12. cxd5 exd5 13. Ba6 Bxa6 14. Qxa6 Re8 15. dxc5 Ndxc5 16. Qe2 Rc8 17. Rc1 Bf8 18. Rfd1 Qe7 {½-½ (45) Radjabov,T (2710)-Ding,L (2773) Moscow 2017}) 10... c5 11. cxd5 exd5 {LiveBook: 56 Games} 12. f4 Ne4 13. Nxe4 dxe4 {[#]} 14. Bc4 $146 Nf6 15. Ng4 Be7 16. d5 (16. Rb1 $14) 16... Nxg4 (16... Nxd5 $11 17. Nh6+ gxh6 18. Qg4+ Bg5) 17. Qxg4 $14 {[%csl Gb2][%cal Rg4g7]} Bf6 18. Be5 a6 19. a4 (19. d6 $16) 19... b5 $36 {[%mdl 2048] Black is more active.} 20. axb5 axb5 21. Rxa8 Bxa8 22. Bxb5 Bxe5 23. fxe5 Bxd5 24. Rd1 {Bc4 is the strong threat.} Qa8 25. Bc4 Bxc4 26. bxc4 {[%mdl 4096] Endgame KQR-KQR} Qa4 27. Qe2 Re8 28. Rd5 Qa3 29. Qd2 h6 30. Kf2 Re6 31. Qc2 f5 32. exf6 Rxf6+ 33. Ke2 Re6 34. Rd8+ Kh7 35. Qd2 $2 {[%mdl 8192]} (35. Kf2 $11) 35... Rb6 $1 $19 {[%cal Rb6b2]} 36. Qd1 Rb2+ 37. Kf1 Qxe3 {[%csl Gb2][%cal Re3f2]} 38. Rf8 Rd2 (38... Qc3 $142 39. Rf2 Qxc4+ 40. Kg1 Rb7) 39. Qg4 Qd3+ 40. Ke1 Qe3+ $2 (40... e3 $1 $19 {and Black stays clearly on top.} 41. Qf5+ Qxf5 42. Rxf5 Rxg2) 41. Kf1 $17 {Qf5+ would kill now.} Qd3+ $2 {[%mdl 8192]} (41... Rd6 $1 $17 42. Qf5+ Rg6) 42. Ke1 $19 {White threatens Qf5+ and mate.} e3 $1 {( -> ...Qb1+)} 43. Qf5+ Qxf5 44. Rxf5 Rxg2 {KR-KR} 45. h4 Rg4 $1 46. Rxc5 Rxh4 47. Ke2 Re4 48. Rc8 $2 (48. Rc7) 48... h5 49. c5 h4 50. c6 h3 {White must now prevent ...h2.} 51. c7 $2 (51. Rf8 Rc4 52. Rf3) 51... Rc4 52. Rf8 Rxc7 53. Kxe3 Kg6 54. Kf2 Rf7+ 55. Rxf7 Kxf7 {KP-KP} 56. Kg3 Kg6 {[%cal Bf7g6,Bg6g5,Bg5f4,Bf4f3,Bf3g3,Bg3f2][%mdl 32]} 57. Kxh3 {KP-K} Kg5 58. Kg3 g6 {[%cal Bg7g6,Bg6g5,Bg5g4,Bg4g3,Bg3g2][%mdl 32]} 59. Kh3 Kf4 $1 60. Kh4 g5+ $1 61. Kh3 Kf3 62. Kh2 {[#]} g4 $1 {Black mates.} 63. Kg1 Kg3 64. Kh1 {[#]} Kf2 $1 {[%cal Rf2g3]} 65. Kh2 g3+ 66. Kh1 g2+ {Precision: White = 57%, Black = 84%.} 0-1

[Event "ITA-ch Women 2017"]
[Site "Cosenza"]
[Date "2017.12.10"]
[Round "7"]
[White "Santeramo, Alessia"]
[Black "Gueci, Tea"]
[Result "1-0"]
[WhiteElo "2082"]
[BlackElo "2158"]
[Annotator "NA"]
[PlyCount "69"]
[EventDate "2017.??.??"]
[EventType "tourn"]
[EventCountry "ITA"]
[SourceTitle "playchess.com"]
[Source "ChessBase"]
[SourceQuality "1"]
[TimeControl "40/6000+30:20/3000+30:900+30"]

1. d4 {[%emt 0:00:00]} Nf6 {[%emt 0:00:20]} 2. Bg5 {[%emt 0:00:00]} Ne4 {[%emt 0:01:37]} 3. Bf4 {[%emt 0:00:05]} c5 {[%emt 0:00:04]} 4. d5 {[%emt 0:00:09]} d6 {[%emt 0:01:50]} 5. f3 {[%emt 0:01:02]} Qa5+ {[%emt 0:00:56]} 6. c3 {[%emt 0:13:07]} Nf6 {[%emt 0:00:06]} 7. e4 {[%emt 0:00:10]} g6 {[%emt 0:00:38]} 8. Na3 {[%emt 0:04:09]} Bg7 {[%emt 0:00:27]} 9. Bb5+ {[%emt 0:02:59]} Nbd7 {[%emt 0:06:06]} 10. Ne2 {[%emt 0:01:01]} a6 {[%emt 0:02:42]} 11. Bxd7+ {[%emt 0:02:45]} Nxd7 {[%emt 0:00:06]} 12. Qd2 {[%emt 0:05:58]} b5 {[%emt 0:03:47]} 13. Bh6 {[%emt 0:05:35]} Bf6 {[%emt 0:00:40]} 14. Bg5 {[%emt 0:03:48]} Qb6 {[%emt 0:09:28]} 15. Bxf6 {[%emt 0:01:21]} Nxf6 {[%emt 0:01:14]} 16. O-O {[%emt 0:01:26]} O-O {[%emt 0:01:02]} 17. Kh1 {[%emt 0:00:47]} Bd7 {[%emt 0:06:07]} 18. Nc2 {[%emt 0:08:15]} a5 {[%emt 0:10:17]} 19. Ne3 {[%emt 0:02:35]} Rad8 {[%emt 0:03:44]} 20. Ng3 {[%emt 0:06:09]} h5 {[%emt 0:00:42]} 21. Rae1 {[%emt 0:08:25]} Bc8 {[%emt 0:03:57]} 22. Nd1 {[%emt 0:08:31]} Ba6 {[%emt 0:04:00]} 23. Qh6 {[%emt 0:01:50]} b4 {[%emt 0:06:00]} 24. Ne3 {[%emt 0:00:33]} Qc7 {[%emt 0:08:20]} 25. c4 {[%emt 0:00:18]} Qd7 {[%emt 0:05:33]} 26. f4 {[%emt 0:04:16]} Ng4 {[%emt 0:05:42]} 27. Nxg4 {[%emt 0:00:18]} Qxg4 {[%emt 0:00:05]} 28. f5 {[%emt 0:00:07]} h4 {[%emt 0:03:41]} 29. Rf4 {[%emt 0:00:11]} Qxf4 {[%emt 0:00:23]} 30. Qxf4 {[%emt 0:00:17]} hxg3 {[%emt 0:00:06]} 31. b3 {[%emt 0:05:56]} gxh2 {[%emt 0:02:49]} 32. f6 {[%emt 0:00:13]} exf6 {[%emt 0:04:17]} 33. Qxf6 {[%emt 0:00:09]} Bc8 {[%emt 0:00:30]} 34. e5 {[%emt 0:03:40]} dxe5 {[%emt 0:02:31]} 35. Re4 {[%emt 0:00:18]} 1-0

[Event "ITA-ch Women 2017"]
[Site "Cosenza"]
[Date "2017.12.10"]
[Round "7"]
[White "Palma, Maria"]
[Black "Di Benedetto, Desiree"]
[Result "1/2-1/2"]
[WhiteElo "2019"]
[BlackElo "2092"]
[Annotator "NA"]
[PlyCount "131"]
[EventDate "2017.??.??"]
[EventType "tourn"]
[EventCountry "ITA"]
[SourceTitle "playchess.com"]
[Source "ChessBase"]
[SourceQuality "1"]
[TimeControl "40/6000+30:20/3000+30:900+30"]

1. c4 {[%emt 0:00:01]} b6 {[%emt 0:00:34]} 2. Nf3 {[%emt 0:00:09]} Bb7 {[%emt 0:01:09]} 3. g3 {[%emt 0:00:08]} g6 {[%emt 0:04:44]} 4. Bg2 {[%emt 0:00:19]} Bg7 {[%emt 0:00:20]} 5. O-O {[%emt 0:00:19]} Nf6 {[%emt 0:03:11]} 6. d4 {[%emt 0:00:21]} O-O {[%emt 0:03:09]} 7. Qc2 {[%emt 0:00:25]} e6 {[%emt 0:05:24]} 8. Nc3 {[%emt 0:01:12]} d5 {[%emt 0:05:14]} 9. cxd5 {[%emt 0:00:40]} exd5 {[%emt 0:05:14]} 10. Bf4 {[%emt 0:04:31]} c6 {[%emt 0:14:28]} 11. Rfd1 {[%emt 0:03:51]} Re8 {[%emt 0:07:43]} 12. Rac1 {[%emt 0:01:45]} Qe7 {[%emt 0:10:30]} 13. a3 {[%emt 0:15:43]} Nbd7 {[%emt 0:06:18]} 14. Ne5 {[%emt 0:08:21]} Nh5 {[%emt 0:08:30]} 15. Nxd7 {[%emt 0:07:16]} Nxf4 {[%emt 0:04:03]} 16. Nxb6 {[%emt 0:04:23]} Nxe2+ {[%emt 0:02:58]} 17. Qxe2 {[%emt 0:06:40]} Qxe2 {[%emt 0:02:26]} 18. Nxe2 {[%emt 0:00:22]} axb6 {[%emt 0:00:13]} 19. Rc2 {[%emt 0:02:33]} Ra4 {[%emt 0:03:43]} 20. Bf3 {[%emt 0:03:50]} Ba6 {[%emt 0:07:49]} 21. Rcd2 {[%emt 0:04:49]} Bxe2 {[%emt 0:02:40]} 22. Rxe2 {[%emt 0:06:46]} Rxe2 {[%emt 0:00:20]} 23. Bxe2 {[%emt 0:00:21]} Rxd4 {[%emt 0:02:22]} 24. Rxd4 {[%emt 0:01:54]} Bxd4 {[%emt 0:00:00]} 25. b3 {[%emt 0:00:10]} Bb2 {[%emt 0:00:39]} 26. a4 {[%emt 0:00:06]} Kf8 {[%emt 0:03:23]} 27. Kf1 {[%emt 0:01:52]} Ke7 {[%emt 0:00:38]} 28. Ke1 {[%emt 0:00:21]} Kd6 {[%emt 0:01:59]} 29. Kd2 {[%emt 0:00:43]} Bd4 {[%emt 0:01:53]} 30. f3 {[%emt 0:01:02]} Bg1 {[%emt 0:00:15]} 31. h3 {[%emt 0:00:16]} Bf2 {[%emt 0:00:54]} 32. g4 {[%emt 0:00:53]} Ke5 {[%emt 0:01:22]} 33. Ba6 {[%emt 0:01:43]} Kd4 {[%emt 0:01:38]} 34. Bb7 {[%emt 0:01:13]} c5 {[%emt 0:00:09]} 35. Kc2 {[%emt 0:03:34]} Bg3 {[%emt 0:01:01]} 36. Bc6 {[%emt 0:00:55]} f6 {[%emt 0:00:58]} 37. Bb7 {[%emt 0:00:47]} f5 {[%emt 0:00:31]} 38. gxf5 {[%emt 0:03:45]} gxf5 {[%emt 0:00:01]} 39. Bc8 {[%emt 0:01:22]} f4 {[%emt 0:00:15]} 40. Be6 {[%emt 0:00:00]} h6 {[%emt 0:00:38]} 41. Bf7 {[%emt 0:03:05]} Be1 {[%emt 0:05:45]} 42. Kd1 {[%emt 0:07:25]} Bb4 {[%emt 0:03:12]} 43. Kc2 {[%emt 0:00:33]} Be1 {[%emt 0:09:06]} 44. Kd1 {[%emt 0:01:15]} Bh4 {[%emt 0:00:07]} 45. Kc2 {[%emt 0:00:57]} Bg5 {[%emt 0:00:40]} 46. Be6 {[%emt 0:01:10]} Bf6 {[%emt 0:02:27]} 47. Bf7 {[%emt 0:03:19]} c4 {[%emt 0:01:37]} 48. Be6 {[%emt 0:16:47]} cxb3+ 49. Kxb3 {[%emt 0:00:38]} Ke3 {[%emt 0:13:36]} 50. Bxd5 {[%emt 0:01:39]} Kf2 {[%emt 0:00:16]} 51. Kc2 {[%emt 0:05:59]} Kg3 {[%emt 0:00:53]} 52. Kd3 {[%emt 0:10:09]} Kxh3 {[%emt 0:04:30]} 53. Bf7 {[%emt 0:01:20]} Kh4 {[%emt 0:05:58]} 54. Ke2 {[%emt 0:00:58]} Bd4 {[%emt 0:00:47]} 55. Kf1 {[%emt 0:00:57]} Kg3 {[%emt 0:01:18]} 56. Ke2 {[%emt 0:00:07]} Be3 {[%emt 0:00:15]} 57. Be8 {[%emt 0:00:15]} Kh4 {[%emt 0:00:18]} 58. Kf1 {[%emt 0:00:15]} Kg3 {[%emt 0:02:54]} 59. Ke2 {[%emt 0:00:07]} Bc5 {[%emt 0:00:05]} 60. Bf7 {[%emt 0:00:00]} Bd6 {[%emt 0:00:18]} 61. Be8 {[%emt 0:00:56]} Be7 {[%emt 0:00:59]} 62. Bf7 {[%emt 0:00:13]} Kh4 {[%emt 0:01:56]} 63. Kf1 {[%emt 0:00:08]} Kg5 {[%emt 0:00:25]} 64. Kg2 {[%emt 0:00:15]} Kf6 {[%emt 0:00:13]} 65. Bd5 {[%emt 0:00:14]} Ke5 {[%emt 0:00:35]} 66. Be4 {[%emt 0:00:07]} 1/2-1/2

[Event "ITA-ch Women 2017"]
[Site "Cosenza"]
[Date "2017.12.05"]
[Round "7"]
[White "Palma, Maria"]
[Black "Sedina, Elena"]
[Result "1/2-1/2"]
[WhiteElo "2019"]
[BlackElo "2312"]
[Annotator "TA"]
[PlyCount "111"]
[EventDate "2017.??.??"]
[EventType "tourn"]
[EventCountry "ITA"]
[SourceTitle "playchess.com"]
[Source "ChessBase"]
[SourceQuality "1"]

{[%evp 13,111,15,20,-8,5,13,15,-8,17,-11,-9,-35,0,-5,0,-17,-16,-43,-6,-40,-31,-33,-33,-29,-33,-27,-39,-50,-54,-54,-56,-64,-42,-44,-30,-25,0,0,0,0,0,0,0,0,0,0,3,0,0,0,0,0,0,0,0,0,6,0,14,4,5,0,0,0,0,0,0,0,0,0,0,0,0,0,0,0,0,0,0,0,0,0,0,0,0,0,0,0,0,0,0,0,0,0,0,0,0,0,0,0]} 1. c4 e5 2. g3 Nc6 3. Bg2 Bc5 4. Nc3 a6 5. Nf3 {[%cal Bg1f3,Bf3e1,Be1c2][%mdl 32]} (5. e3 d6 6. Nge2 h5 7. d4 Ba7 8. dxe5 dxe5 9. Bxc6+ bxc6 10. Qxd8+ Kxd8 11. h3 Nf6 12. b3 {½-½ (31) Kovalyov,A (2641)-Anand,V (2783) Tbilisi 2017}) 5... d6 6. O-O {A25: English Opening vs King's Indian with ...Nc6 but without early d3} Nf6 7. d3 h6 {LiveBook: 123 Games} 8. Ne1 Bf5 $146 ({Predecessor:} 8... O-O 9. Nc2 Nd4 10. e3 Bg4 11. f3 Nxc2 12. Qxc2 Be6 13. Kh1 c6 14. f4 Qc8 {0-1 (78) Silva,F (2283)-Ulyanovskyy,V (2256) Lisbon 2014}) 9. Nc2 Qd7 10. Rb1 Bh3 11. Nd5 Nxd5 12. cxd5 Nd4 13. b4 Bb6 14. e3 {[#] Strongly threatening Bxh3.} Nxc2 (14... Bg4 $5 15. f3 $8 Nxc2 16. Qxc2 Bf5 $11) 15. Qxc2 O-O 16. e4 Bxg2 17. Kxg2 f5 18. f3 Rf6 19. Qe2 Raf8 20. Be3 Bxe3 21. Qxe3 f4 22. Qd2 fxg3 23. hxg3 Qf7 {[%cal Rf6f3]} 24. Qe3 c6 25. dxc6 $1 {The position is equal.} Qxa2+ 26. Qf2 Qf7 27. Rbc1 bxc6 28. Rxc6 Qb7 29. Qb6 Qf7 30. Qf2 Rb8 31. Rxa6 Rxb4 32. Qa2 Qxa2+ 33. Rxa2 $11 {[%mdl 4096] Endgame KRR-KRR} Rd4 34. Ra3 Rf7 35. Kf2 Rd7 36. Ke3 d5 37. exd5 R4xd5 38. Rc1 Kf7 39. Rc6 h5 40. Rac3 Rd4 41. R6c5 Kf6 42. f4 exf4+ 43. gxf4 g6 44. Rb3 R4d6 45. Rbc3 Re7+ 46. Kf3 Ree6 47. R5c4 Rd7 48. Rc7 Rd5 49. R7c5 Rdd6 (49... Rd7 {feels hotter.} 50. Rc7) 50. R5c4 Re1 51. Rc6 Ke6 (51... Ree6 {is more complex.} 52. R6c4) 52. Rxd6+ Kxd6 53. Rc8 Re6 54. Rf8 Ke7 55. Rb8 Kd6 56. Rf8 {Precision: White = 60%, Black = 60%.} 1/2-1/2